000 00543nam a2200193 a 4500
005 20230808063550.0
008 030514s1996 mx r 000 0 spa d
020 _a8477383618
035 _aUPN01000125130
049 _aCG
050 4 _aJA74.5
_bS2.6
100 1 _aSabucedo Cameselle, José Manuel
245 0 0 _aPsicología política /
_cJosé Manuel Sabucedo Cameselle.
260 _aMéxico :
_bSíntesis,
_c1996.
300 _a191 p.
440 0 _aSíntesis psicología ;
_v2
650 4 _aPsicología política
_97126
905 _aLibro
999 _c97309
_d97309